Alternative dispute resolution: report prepared...for the Courts and Legal Services Committee. (Record no. 96291)

MARC details
000 -LEADER
fixed length control field 00813cam a2200229 4500
008 - FIXED-LENGTH DATA ELEMENTS--GENERAL INFORMATION
fixed length control field 090401t1991 xxu||||| |||| 00| 0 eng d
020 ## - INTERNATIONAL STANDARD BOOK NUMBER
International Standard Book Number 1853280542
035 ## - SYSTEM CONTROL NUMBER
System control number (Sirsi) u77216
041 ## - LANGUAGE CODE
Language code of text/sound track or separate title eng
050 ## - LIBRARY OF CONGRESS CALL NUMBER
Classification number 347.4107
100 ## - MAIN ENTRY--PERSONAL NAME
Personal name Brown, Henry
245 ## - TITLE STATEMENT
Title Alternative dispute resolution: report prepared...for the Courts and Legal Services Committee.
260 ## - PUBLICATION, DISTRIBUTION, ETC.
Place of publication, distribution, etc. London
Name of publisher, distributor, etc. Law Society
Date of publication, distribution, etc. 1991
300 ## - PHYSICAL DESCRIPTION
Extent 43,(16)p. ; 30cm.
350 ## - PRICE (NR) (BK AM CF MU VM SE) [OBSOLETE]
Price 10
520 ## - SUMMARY, ETC.
Summary, etc. Reviews the forms of ADR available in England and Wales, examines the development of ADR and the situations where it would be appropriate and considers the implications for training, ethics and practice.
650 ## - SUBJECT ADDED ENTRY--TOPICAL TERM
Topical term or geographic name entry element SOLICITORS
690 ## - LOCAL SUBJECT ADDED ENTRY--TOPICAL TERM (OCLC, RLIN)
Topical term or geographic name as entry element LAW
710 ## - ADDED ENTRY--CORPORATE NAME
Corporate name or jurisdiction name as entry element Law Society of England and Wales
9 (RLIN) 1639
942 ## - ADDED ENTRY ELEMENTS (KOHA)
Suppress in OPAC 0
948 ## - LOCAL PROCESSING INFORMATION (OCLC); SERIES PART DESIGNATOR (RLIN)
c (OCLC) 04/03/1997
Holdings
Withdrawn status Lost status Source of classification or shelving scheme Damaged status Not for loan Home library Current library Shelving location Date acquired Cost, normal purchase price Total Checkouts Full call number Barcode Date last seen Copy number Cost, replacement price Price effective from Koha item type
    Dewey Decimal Classification     London London Basement 07/02/1992 10.00   SHELF 203 30025735 06/08/2019 1 10.00 06/08/2019 Book